| 000 | 00610nam a2200241Ia 4500 | ||
|---|---|---|---|
| 008 | 160621s9999 xx 000 0 und d | ||
| 020 | _a0-13-122885-4 | ||
| 050 | _aComSc TK 5101 | ||
| 050 | _b.Y68 2004 | ||
| 100 | _aYoung, Paul H. | ||
| 245 | _aElectronic communication techniques / | ||
| 245 | _cPaul H. Young. | ||
| 250 | _a5th Edition | ||
| 260 | _aNew Jersey : | ||
| 260 | _bPearson Education Inc., | ||
| 260 | _c2004 | ||
| 300 | _a893 pages : | ||
| 300 | _billustrations ; | ||
| 300 | _c23 cm. | ||
| 500 | _aIncludes index. | ||
| 650 | _aTelecommunication. | ||
| 650 | _xElectronics. | ||
| 999 |
_c296117 _d296117 |
||